[Event "AUTO-OPEN-2413"]
[Site "http://www.queenalice.com/game.php?id=959781"]
[Date "2011.7.13"]
[Round "1"]
[White "NightGhost"]
[Black "ANGELOBENTO"]
[Result "1-0"]
[WhiteElo "1769"]
[BlackElo "1450"]

1. d4 d5 2. c4 dxc4 3. Nc3 e5 4. Qa4+ Bd7 5. Qxc4 a6 6. dxe5 b5 7. Qf4 g5 8. Qe4
Bc6 9. Qg4 h6 10. a3 h5 11. Qxg5 Be7 12. Qg7 Bf6 13. exf6 Qxf6 14. Qxf6 Nxf6 15.
Bg5 Nh7 16. Bf4 Nd7 17. Bxc7 Rc8 18. Ba5 h4 19. Nf3 Nhf6 20. h3 Rh5 21. e3 Nc5
22. Nd4 Ba8 23. Be2 Rg5 24. O-O-O b4 25. Bxb4 Rxg2 26. Bxc5 Rxc5 27. Bxa6 Rxf2
28. Rhf1 Rxf1 29. Rxf1 Bg2 30. Rxf6 Rg5 31. Ncb5 Bxh3 32. Nc7+ Ke7 33. Rb6 Rg1+
34. Kc2 Rg2+ 35. Kb3 Be6+ 36. Ncxe6 fxe6 37. Rxe6+ Kf7 38. Bc4 h3 39. Nf3 Rf2
40. Ng5+ Kg7 41. Nxh3 Rh2 42. Nf4 Rh6 43. Rxh6 Kxh6 44. e4 1-0

[Event "AUTO-OPEN-2413"]
[Site "http://www.queenalice.com/game.php?id=959782"]
[Date "2011.7.13"]
[Round "1"]
[White "ANGELOBENTO"]
[Black "NightGhost"]
[Result "0-1"]
[WhiteElo "1402"]
[BlackElo "1425"]

1. e4 e5 2. Qf3 b6 3. Bc4 Nf6 4. d4 Bb7 5. d5 Bc5 6. Nh3 c6 7. d6 Bxd6 8. O-O
O-O 9. Qg3 Nxe4 10. Qg4 Nf6 11. Qg5 Qc7 12. Nd2 e4 13. g3 b5 14. Bxf7+ Rxf7 15.
Qh4 h6 16. Nb3 Be5 17. Nc5 d5 18. Bxh6 gxh6 19. Qxh6 Rh7 20. Qg6+ Qg7 21. Qf5
Bxb2 22. Rae1 Na6 23. Ne6 Qh6 24. Nhf4 Qxh2# 0-1

[Event "AUTO-OPEN-2413"]
[Site "http://www.queenalice.com/game.php?id=959803"]
[Date "2011.7.13"]
[Round "1"]
[White "a13tc38920"]
[Black "ANGELOBENTO"]
[Result "0-1"]
[WhiteElo "1830"]
[BlackElo "1400"]

1. d4 d5 2. c4 dxc4 3. e4 Nc6 4. d5 Nb4 5. Qa4+ Bd7 6. Qxb4 e5 7. Qxc4 b5 8. Qc3
Nf6 9. Bd3 a5 10. Bg5 Bb4 11. Qxb4 axb4 12. Nf3 b3 13. Nxe5 O-O 0-1

[Event "AUTO-OPEN-2413"]
[Site "http://www.queenalice.com/game.php?id=959804"]
[Date "2011.7.13"]
[Round "1"]
[White "ANGELOBENTO"]
[Black "a13tc38920"]
[Result "0-1"]
[WhiteElo "1497"]
[BlackElo "1932"]

1. e4 c5 2. Qf3 Nc6 3. Bc4 Ne5 4. Bxf7+ Nxf7 5. Ne2 e5 6. Nbc3 Qf6 7. Nd5 Qxf3
8. gxf3 Nf6 9. Nc7+ Kd8 10. Nxa8 Bd6 11. d3 b6 12. Bg5 Bb7 13. Nxb6 axb6 14. Nc3
Nxg5 15. Ke2 Ke7 16. Rhg1 Ne6 17. Nb5 Nd4+ 18. Nxd4 exd4 19. Rxg7+ Kd8 20. Rag1
Kc7 21. R7g5 Bxh2 22. R1g2 Bd6 23. e5 Re8 24. Kd2 Rxe5 25. c3 Rxg5 26. Rxg5 Bf4+
27. Ke2 Bxg5 28. cxd4 cxd4 29. f4 Bh6 30. a4 Bxf4 31. f3 h5 32. Kf2 h4 33. Kg2
Nd5 34. Kh3 Bg3 35. Kg4 Ne3+ 0-1

[Event "AUTO-OPEN-2413"]
[Site "http://www.queenalice.com/game.php?id=959815"]
[Date "2011.7.13"]
[Round "1"]
[White "arthurgomes"]
[Black "ANGELOBENTO"]
[Result "1-0"]
[WhiteElo "1902"]
[BlackElo "1430"]

1. e4 e5 2. Bc4 Qf6 3. Nf3 Bc5 4. Nc3 Ne7 5. d3 Nbc6 6. Bg5 Bxf2+ 7. Kxf2 Qg6 8.
Nb5 Kd8 9. Bd5 f6 10. Be3 Nxd5 11. exd5 Nb4 12. d6 Nd5 13. dxc7+ Nxc7 14. Bxa7
Nxb5 15. Bb6+ Ke8 16. a4 Nd4 17. Nxd4 h5 18. Nf3 e4 19. Re1 d5 20. dxe4 Bh3 21.
exd5+ Kf7 22. gxh3 Rhe8 23. d6 Rxe1 24. Nxe1 Qf5+ 25. Kg1 Qxh3 26. Ng2 g5 27. d7
g4 28. Qd5+ Kg6 29. Nf4+ 1-0

[Event "AUTO-OPEN-2413"]
[Site "http://www.queenalice.com/game.php?id=959816"]
[Date "2011.7.13"]
[Round "1"]
[White "ANGELOBENTO"]
[Black "arthurgomes"]
[Result "0-1"]
[WhiteElo "1402"]
[BlackElo "1812"]

1. e4 e5 2. Qf3 Nc6 3. Bc4 Nf6 4. d4 Nxd4 5. Bxf7+ Kxf7 6. Qd3 Be7 7. Bg5 h6 8.
Bxf6 Bxf6 9. Nd2 b6 10. c3 Ne6 11. Ngf3 Rf8 12. O-O Kg8 13. Nc4 Ba6 14. b4 Nf4
15. Qd2 Bxc4 16. g3 Ne2+ 17. Kg2 Nxg3 18. Rfd1 Nxe4 19. Qe3 d5 20. h4 Bxh4 21.
Rh1 Bxf2 22. Rxh6 Bxe3 0-1

[Event "AUTO-INT-2086"]
[Site "http://www.queenalice.com/game.php?id=959974"]
[Date "2011.7.13"]
[Round "1"]
[White "tio_revas"]
[Black "ANGELOBENTO"]
[Result "0-1"]
[WhiteElo "1584"]
[BlackElo "1428"]

1. e4 e5 2. Nf3 Nc6 3. d4 d6 4. d5 Nb4 5. a3 Na6 6. Bg5 f6 7. Bh4 g5 8. Bg3 h5
9. h4 g4 10. Nfd2 Bh6 11. Bb5+ Bd7 12. Nc3 Nc5 13. Nc4 a6 14. Bxd7+ Qxd7 15. O-O
O-O-O 16. Na4 Qxa4 17. b3 Qb5 18. a4 Qd7 19. Qe1 b6 20. a5 b5 21. Ne3 Nxe4 22.
Nf5 Qxf5 23. b4 Ne7 24. c3 Nxd5 25. Qd1 Ndxc3 26. Qd3 Bf4 27. Ra3 Bd2 28. Rd1
Nxd1 0-1

[Event "AUTO-INT-2086"]
[Site "http://www.queenalice.com/game.php?id=959975"]
[Date "2011.7.13"]
[Round "1"]
[White "ANGELOBENTO"]
[Black "tio_revas"]
[Result "1/2-1/2"]
[WhiteElo "1449"]
[BlackElo "1564"]

1. e4 e5 2. Qf3 Nc6 3. Bc4 Nf6 4. Qb3 Qe7 5. Na3 Nd4 6. Bxf7+ Qxf7 7. Qxf7+ Kxf7
8. Nc4 Nxc2+ 9. Kd1 Nxa1 10. Nxe5+ Ke8 11. b3 Nxe4 12. Nh3 d6 13. Nc4 Nxf2+ 14.
Nxf2 d5 15. Ne5 Bf5 16. d3 Bb4 17. Bb2 Nxb3 18. axb3 Rf8 19. d4 h5 20. h3 a5 21.
g4 hxg4 22. hxg4 Be6 23. Ng6 Rxf2 24. Rh8+ Bf8 25. Ke1 Rf6 26. Ba3 Rxg6 27.
Rxf8+ Kd7 28. Rxa8 Rxg4 29. Rxa5 Rxd4 30. Bb2 Re4+ 31. Kd2 g5 32. Ra1 g4 33. Kd3
g3 34. Bd4 g2 35. b4 Bf5 36. Kc3 Rg4 37. Rg1 Be4 38. b5 Rg3+ 39. Kb4 1/2-1/2

[Event "AUTO-INT-2086"]
[Site "http://www.queenalice.com/game.php?id=992742"]
[Date "2011.10.2"]
[Round "2"]
[White "PitBullLoko"]
[Black "ANGELOBENTO"]
[Result "1-0"]
[WhiteElo "1671"]
[BlackElo "1516"]

1. e4 e5 2. Nf3 Nc6 3. d4 Nf6 4. d5 Nb4 5. c4 Nxe4 6. Nc3 Nc5 7. Nxe5 Qf6 8. Qe2
d6 9. Ng6+ Be7 10. Nxh8 g6 11. Nxf7 Qxf7 12. a3 Nb3 13. axb4 Nxa1 14. Bg5 Bf5
15. Qxe7+ Qxe7+ 16. Be3 Nc2+ 17. Kd2 O-O-O 18. Bd3 Bxd3 19. Kxd3 Nxb4+ 20. Kd2
1-0

[Event "AUTO-INT-2086"]
[Site "http://www.queenalice.com/game.php?id=992743"]
[Date "2011.10.2"]
[Round "2"]
[White "ANGELOBENTO"]
[Black "PitBullLoko"]
[Result "0-1"]
[WhiteElo "1506"]
[BlackElo "1681"]

1. e4 c5 2. c3 e5 3. Bc4 Nf6 4. d3 a6 5. Bg5 b5 6. Bd5 Nc6 7. Bxf6 Qxf6 8. Bxc6
Qxc6 9. Nf3 f6 10. O-O d5 11. Nbd2 dxe4 12. Nxe4 Bb7 13. Nfd2 O-O-O 14. Rc1 Rxd3
15. Qe2 c4 16. Rfd1 f5 17. b4 fxe4 18. Nxe4 Rxd1+ 19. Rxd1 Be7 20. Qg4+ Kb8 21.
Qxg7 Rd8 0-1